Estatísticas para Top Cinco Países Por Categoria #1

Clique aqui para jogar o quiz

Estatísticas Gerais

  • Esse quiz foi jogado 14 453 vezes
  • A pontuação média é 23 de 39

Estatísticas das Respostas

Country% Correto
China
100%
Brasil
99%
Estados Unidos
99%
Rússia
99%
Índia
98%
Canadá
96%
Japão
92%
França
91%
Vaticano
85%
Austrália
83%
Alemanha
80%
Itália
78%
Espanha
76%
México
75%
Indonésia
71%
Suíça
68%
Mônaco
66%
Chile
64%
Coreia do Norte
58%
Dinamarca
55%
Luxemburgo
53%
San Marino
53%
Nigéria
47%
Islândia
44%
Islândia
44%
Colômbia
43%
Liechtenstein
42%
Catar
39%
Singapura
39%
Tuvalu
38%
Mongólia
37%
Nauru
36%
Filipinas
34%
Palau
31%
Vanuatu
29%
Maldivas
21%
Bahrein
19%
Suriname
10%
Namíbia
9%

Distribuição das Pontuações

Percentil de Números Respondidos

Porcentagem de Pessoas com Cada Pontuação

Sua Pontuação Histórica

Você não jogou esse quiz